ბათუმის შოთა რუსთაველის სახელმწიფო უნივერსიტეტის ბიბლიოთეკა

საისტორიო მეცნიერების სამსახურში = In service to historical science : (ბიბ.ჩანაწერი № 63723)

000 -ლიდერი
ფიქსირებული სიგრძის საკონტროლო ველი 02031nam a22002897a 4500
003 - საკონტროლო ნომრის იდენტიფიკატორი
საკონტროლო ველი Ge_BSU
005 - ბოლო ოპერაციის თარიღი და დრო
საკონტროლო ველი 20251215211714.0
008 - ფიქსირებული სიგრძის მონაცემთა ელემენტები - ზოგადი ინფორმაცია
ფიქსირებული სიგრძის საკონტროლო ველი 251215s2024 ge ||||| |||| 00| 0 geo d
020 ## - წიგნის საერთაშორისო სტანდარტული ნომერი
International Standard Book Number 9789941990328
041 ## - ენის კოდი
Language code of text/sound track or separate title geo
080 ## - უნივერსალური ათობითი კლასიფიკაციის ინდექსი
Universal Decimal Classification number 930(479.22)(063) ს-18
245 ## - ცნობა სათაურის შესახებ
Title საისტორიო მეცნიერების სამსახურში = In service to historical science :
Remainder of title პროფესორ ოთარ ჯანელიძის 70 წლისთავისადმი მიძღვნილი სამეცნიერო კრებული /
Statement of responsibility, etc რედაქტორი პაატა სურგულაძე.
264 ## - წარმოების, გამოცემის, დისტრიბუციის და სხვა ცნობები
გამოცემის, წარმოების, დისტრიბუციის... ადგილი თბილისი :
გამოცემის, წარმოების, დისტრიბუციის... სახელწოდება საქართველოს პარლამენტის ეროვნული ბიბლიოთეკა,
გამოცემის, წარმოების, დისტრიბუციის... თარიღი 2024.
300 ## - ფიზიკური აღწერა
Extent 492 გვ. ;
Other physical details 25 სმ.
500 ## - ზოგადი შენიშვნა
General note გარეკანი და თავფურცელი ქართულ და ინგლისურ ენებზე.
501 ## - შენიშვნა თანმხლებ მასალაზე
With note 2 სტატია ინგლისურ ენაზე, 2 სტატია რუსულ ენაზე
504 ## - BIBLIOGRAPHY, ETC. NOTE
Bibliography, etc ბიბლიოგრაფია ტექსტის შენიშვნებში.
520 ## - SUMMARY, ETC.
Summary, etc რეზიუმე ინგლისურ ენაზე.
653 ## - INDEX TERM--UNCONTROLLED
Uncontrolled term ჯანელიძე, ოთარ.
653 ## - INDEX TERM--UNCONTROLLED
Uncontrolled term საისტორიო მეცნიერება
653 ## - INDEX TERM--UNCONTROLLED
Uncontrolled term საქართველო -- საკონფერენციო მოხსენებები.
700 ## - ADDED ENTRY--PERSONAL NAME
Personal name ბახტაძე, მიხეილ
Relator term ავტორი
9 (RLIN) 2381
700 ## - ADDED ENTRY--PERSONAL NAME
Personal name დარჩაშვილი, მანანა
Relator term ავტორი.
9 (RLIN) 12633
700 ## - ADDED ENTRY--PERSONAL NAME
Personal name დაუშვილი, ალექსანდრე
Relator term ავტორი
9 (RLIN) 26520
700 ## - ADDED ENTRY--PERSONAL NAME
Personal name დაუშვილი, რუსუდან და სხვ.
Relator term ავტორი
9 (RLIN) 26521
942 ## - ADDED ENTRY ELEMENTS (KOHA)
Source of classification or shelving scheme
Koha item type წიგნი
ეგზემპლარები
ჩამოწერის სტატუსი დაკარგული ეგზემპლარის სტატუსი კლასიფიკაციის წყარო ან თაროზე გაწყობის სქემა დაზიანების სტატუსი არ გაიცემა მუდმივი მდებარეობა (დაცვის ადგილი) ამჟამინდელი ადგილსამყოფელი თაროზე განთავსების ადგილი შეძენის თარიღი ღირებულება, შესყიდვის ნორმალური ფასი სრული შენახვის შიფრი შტრიხკოდი ბოლო ოპერაციის თარიღი ეგზემპლარის მიმდევრობითი ნომერი (კეტერი?) Uniform Resource Identifier ფასის ძალაში შესვლის თარიღი ეგზემპლარის სახეობა საჯარო შენიშვნა
          ბათუმის შოთა რუსთაველის სახელმწიფო უნივერსიტეტის მთავარი ბიბლიოთეკა ბათუმის შოთა რუსთაველის სახელმწიფო უნივერსიტეტის მთავარი ბიბლიოთეკა წიგნსაცავი 2025-12-15 20.00 930(479.22)(063) ს-18 73282 2025-12-15 73282 საჩუქარი საქართველოს ეროვნული ბიბლიოთეკისაგან 2025-12-15 წიგნი 20 ლ.